| 000 | ncm a22 a 4500 | ||
|---|---|---|---|
| 999 |
_c351917 _d351917 |
||
| 003 | BLK | ||
| 005 | 20201007040708.0 | ||
| 008 | 200401b bu ||||| |||| 00| 0 bu d | ||
| 040 | _aBLK | ||
| 041 |
_aBUL _cBUL |
||
| 080 |
_aМузика за духови инструменти _b788 _z788(497.2) _x(497.2) |
||
| 100 |
_aДимитров, Сава _eпърви автор _91299 |
||
| 139 |
_aДимитров, Сава _bД 58 |
||
| 245 |
_aТехнически етюди за кларинет _bНотирана музика _cСава Димитров _nЧ. 3 |
||
| 260 |
_9209430 _aСофия _bМузика _c1982 |
||
| 300 |
_c33 см _bс ноти |
||
| 380 | _a7 | ||
| 650 | 7 |
_9158687 _aКларинет - концерти, концертини |
|
| 760 |
_h40 с. _oЧ. 3 |
||
| 852 | _aМ ІІ 8588 | ||
| 942 |
_cNOT _n0 _s1 |
||
| 944 |
_aCR _c2020-04-06 _l2020-04-06 _kВ. Т |
||
| 944 | _aCR | ||
| 999 | _d351917 | ||
| 999 | _d350458 | ||
| 999 | _d350448 | ||
| 999 | _d350445 | ||
| 999 | _d350443 | ||
| 999 | _d350441 | ||
| 999 | _d350439 | ||
| 999 | _d350437 | ||
| 999 | _d350432 | ||
| 999 | _d350431 | ||
| 999 | _d350427 | ||
| 999 | _d350423 | ||
| 999 | _d350421 | ||
| 999 | _d350417 | ||
| 999 | _d350413 | ||
| 999 | _d350410 | ||
| 999 | _d350406 | ||
| 999 | _d350404 | ||
| 999 | _d350402 | ||
| 999 | _d350399 | ||
| 999 | _d350397 | ||
| 999 | _d350375 | ||
| 999 | _d350374 | ||
| 999 | _d350372 | ||
| 999 | _d350368 | ||
| 999 | _d350366 | ||
| 999 | _d350365 | ||
| 999 | _d350362 | ||
| 999 | _d350360 | ||
| 999 | _d350358 | ||
| 999 | _d350354 | ||
| 999 | _d350352 | ||
| 999 | _d350348 | ||
| 999 | _d350346 | ||
| 999 | _d350342 | ||